Evaluación Expost del Proyecto de Carretera Obras de Mitigación de Vulnerabilidad al Cambio Climático en Puntos Críticos sobre la Ruta Chinandega – Guasaule

El presente estudio contempla la realización de una evaluación expost del proyecto de carretera Obras de Mitigación de Vulnerabilidad al Cambio Climático en Puntos Críticos sobre la Ruta Chinandega – Guasaule con el objetivo de verificar el cumplimiento de las actividades propuestas para este p...

Full description

Bibliographic Details
Main Author: Blanco González, Anayansi de los Angeles
Other Authors: Tutor: Eslaquit Aragón, Juan Miguel
Format: Tesis Section = Libro
Language:Undetermined
Spanish
Published: Managua UNI 2018
Subjects:
LEADER 01334nam a2200253Ia 4500
008 240830s9999 xx 000 0 und d
040 |a BIBLIOTECA-RUSB/ M.Mon 658.404 B641 
041 |a spa 
082 |a M.Mon 658.404 B641 
100 1 |a Blanco González, Anayansi de los Angeles 
245 1 0 |a Evaluación Expost del Proyecto de Carretera Obras de Mitigación de Vulnerabilidad al Cambio Climático en Puntos Críticos sobre la Ruta Chinandega – Guasaule 
260 |a Managua  |b UNI  |c 2018 
300 |a 78 p. :il. 
500 |a Contiene: anexos y CD. 
502 |a Tesis (Master en Gerencia de Proyectos de Desarrollo.) - UNI, 2018. 
520 3 |a El presente estudio contempla la realización de una evaluación expost del proyecto de carretera Obras de Mitigación de Vulnerabilidad al Cambio Climático en Puntos Críticos sobre la Ruta Chinandega – Guasaule con el objetivo de verificar el cumplimiento de las actividades propuestas para este proyecto y el funcionamiento en operación de las obras de mitigación en el contexto ambiental. 
650 7 |a ADMINISTRACION DE PROYECTOS 
650 7 |b  construcción DE CARRETERAS-PROYECTOS 
650 7 |c  EVALUACION DE PROYECTOS 
650 7 |d  IMPACTO AMBIENTAL 
700 1 |a Tutor:  |b Eslaquit Aragón, Juan Miguel 
942 |c BK  |2 ddc 
991 |a TESIS 
999 |c 19432